000 01678cam a2200433 a 4500
001 55713
005 20230410120735.0
008 850830s1984 sp a b 000 0 spa
010 _a 85199284
035 _a(OCoLC)ocm12174607
040 _aDLC
_cDLC
_dUBA
020 _a8400056752
020 _a9788400056759
029 1 _aNLGGC
_b861027388
029 1 _aNLGGC
_b127925031
035 _a(OCoLC)12174607
043 _aew-----
_acc-----
_af------
050 1 4 _aHT985
_b.V422t 1984
082 0 0 _a382/.44/09729
_219
100 1 _aVega Franco, Marisa.
245 1 3 _aEl tráfico de esclavos con América :
_basientos de Grillo y Lomelín, 1663-1674 /
_cMarisa Vega Franco ; prólogo de Enriqueta Vila Vilar.
250 _a1a ed.
260 _aSevilla :
_bEscuela de Estudios Hispano-Americanos de Sevilla,
_c1984.
300 _ax, 220 p. :
_bill. ;
_c20 cm.
490 1 _aPublicaciones de la Escuela de Estudios Hispano-Americanos de Sevilla ; 297 (no. general
504 _aBibliography: p. [219]-220.
650 0 _aSlave trade
_xHistory
_y17th century.
600 1 0 _aGrillo, Domingo,
_dfl. 1663-1674.
600 1 0 _aLomelín, Ambrosio,
_dfl. 1663-1674.
650 0 _aSlave trade
_zEurope
_xHistory
_y17th century.
650 0 _aSlave trade
_zCaribbean Area
_xHistory
_y17th century.
650 0 _aSlave trade
_zAfrica
_xHistory
_y17th century.
650 7 _aHistoria Da America - Economia (Trafico Escravo)
_2larpcal
650 7 _aHistoria Da America - Politica E Sociedade.
_2larpcal
830 0 _aPublicaciones de la Escuela de Estudios Hispano-Americanos de la Universidad de Sevilla ;
_v297.
942 _2lcc
_cbk
946 _amjcruz
994 _aC0
_bDRFGD
999 _c50935
_d50935